Fingersmith /

-д хадгалсан:
Номзүйн дэлгэрэнгүй
Бусад зохиолчид: Hawkins, Sally, Evans, Rupert, Cassidy, Elaine
Формат: Гулсуулах
Хэл сонгох:англи
Хэвлэсэн: London : BBC, c2005
Шошгууд: Шошго нэмэх
Шошго байхгүй, Энэхүү баримтыг шошголох эхний хүн болох!

MARC

LEADER 00000ngm a22000007i 4500
001 IT\ICCU\UBO\3700573
003 ItRI
005 20260124182848.0
008 091006s2005 xxk|||||||||||||||k|||||c
028 4 2 |a FHED1847 
040 |b ita 
041 7 |a eng  |2 ISO-639-2 
245 0 0 |a Fingersmith /  |c director Aisling Walsh. 
260 |a London :  |b BBC,  |c c2005 
300 |a 1 DVD(ca. 180 min.) :  |b color., son 
500 |a Tit. del contenitore 
500 |a Codice area: 2; sistemae formato video: 16:9, anamorfico, PAL 
500 |a Film del 2005, prod.: UK; interpreti:Sally Hawkins, Elaine Cassidy, Rupert Evans; basato sul romanzo di SarahWaters 
500 |a Vietato ai minori di 15 anni. 
700 1 |a Hawkins, Sally  |0 IT\ICCU\LO1V\351266 
700 1 |a Evans, Rupert  |0 IT\ICCU\UBOV\273552 
700 1 |a Cassidy, Elaine  |0 IT\ICCU\UBOV\501020 
942 |2 ddc  |c VM  |n 0 
952 |0 0  |1 0  |4 0  |6 VO_1669_000000000000000  |7 0  |9 27165  |a BO  |b BO  |d 2026-01-24  |i 12957  |l 0  |o VO 1669  |p BO12957  |r 2026-01-24 18:28:48  |w 2026-01-24  |x [Sebina 5] [1 dvd]  |y VM  |z 1 dvd 
999 |c 22995  |d 22995